[Event "12. Open International d'été de Nice"]
[Site "Niza FRA"]
[Date "2005.08.01"]
[Round "1.1"]
[White "Tkachiev, Vladislav"]
[Black "Theon, Pierre"]
[Result "1-0"]
[WhiteElo "2625"]
[BlackElo "2222"]
[PlyCount "63"]
[EventDate "2005.08.01"]
[EventType "swiss"]
[EventCountry "FRA"]
[Source "lmi"]
[SourceDate "2005.08.05"]

1. d4 d5 2. c4 dxc4 3. e3 e5 4. Bxc4 exd4 5. exd4 Bd6 6. Nf3 Nf6 7. Qe2+ Qe7 8.
Qxe7+ Kxe7 9. O-O Be6 10. Re1 Kd7 11. Bf1 Nc6 12. Nc3 Nd5 13. a3 Rae8 14. Bd2
Nb6 15. Ne5+ Kc8 16. Nxc6 bxc6 17. Ne4 Bc4 18. Rac1 Bxf1 19. Kxf1 Kd7 20. h4
Nd5 21. h5 h6 22. f3 Bf4 23. Re2 f5 24. Nc5+ Kd6 25. Bxf4+ Nxf4 26. Rec2 Nxh5
27. Nd3 Kd5 28. Nb4+ Kxd4 29. Rc5 Ke3 30. R5c4 Ng3+ 31. Ke1 Ne2 32. Rd1 1-0

[Event "12. Open International d'été de Nice"]
[Site "Niza FRA"]
[Date "2005.08.01"]
[Round "1.2"]
[White "Lamorelle, Yves"]
[Black "Maksimenko, Andrei"]
[Result "1-0"]
[WhiteElo "2221"]
[BlackElo "2505"]
[PlyCount "69"]
[EventDate "2005.08.01"]
[EventType "swiss"]
[EventCountry "FRA"]
[Source "lmi"]
[SourceDate "2005.08.05"]

1. e4 c5 2. Nf3 e6 3. c3 Nf6 4. e5 Nd5 5. d4 cxd4 6. Bc4 Nb6 7. Bb3 dxc3 8.
Nxc3 d5 9. exd6 Bxd6 10. O-O Nc6 11. Qe2 O-O 12. Rd1 Qe7 13. Bc2 g6 14. Ne4 Nd5
15. Bh6 Bf4 16. Bxf8 Qxf8 17. Bb3 Nce7 18. Rd4 Bh6 19. Rad1 Bg7 20. R4d2 Bd7
21. g3 Rd8 22. Nd4 Bc8 23. Nb5 a6 24. Nc7 h6 25. Nxd5 exd5 26. Bxd5 Rxd5 27.
Rxd5 Nxd5 28. Rxd5 Be6 29. Rd2 Bxa2 30. Qd1 Qb4 31. Nc3 Be6 32. Nd5 Qc5 33. Nf4
Bf5 34. Qe2 Be4 35. Rd8+ 1-0

[Event "12. Open International d'été de Nice"]
[Site "Niza FRA"]
[Date "2005.08.01"]
[Round "1.4"]
[White "Wauters, Alain"]
[Black "Lazic, Miroljub"]
[Result "0-1"]
[WhiteElo "2212"]
[BlackElo "2485"]
[PlyCount "84"]
[EventDate "2005.08.01"]
[EventType "swiss"]
[EventCountry "FRA"]
[Source "lmi"]
[SourceDate "2005.08.05"]

1. c4 e5 2. Nc3 Nc6 3. Nf3 g6 4. e3 f5 5. d3 Bg7 6. Be2 Nf6 7. Rb1 a5 8. a3 d6
9. b4 axb4 10. axb4 h6 11. d4 e4 12. Nd2 O-O 13. b5 Ne7 14. Bb2 g5 15. Ra1 Rxa1
16. Bxa1 Ng6 17. O-O b6 18. Qc2 Qe7 19. Nd5 Nxd5 20. cxd5 Bb7 21. Rc1 Rc8 22.
Bc4 Qf7 23. Qb3 Ne7 24. Bb2 Ra8 25. Ra1 Rxa1+ 26. Bxa1 Bxd5 27. Bb2 Bxc4 28.
Nxc4 Nd5 29. Nd2 Nf6 30. Qa4 Bf8 31. h3 d5 32. Ba3 Bxa3 33. Qxa3 Qd7 34. Qb3
Kg7 35. Nb1 f4 36. Nc3 f3 37. Qd1 g4 38. gxf3 exf3 39. Qf1 gxh3 40. Kh2 Ng4+
41. Kg3 h2 42. Qh3 Qd6+ 0-1

[Event "12. Open International d'été de Nice"]
[Site "Niza FRA"]
[Date "2005.08.01"]
[Round "1.5"]
[White "Dunis, Aurelien"]
[Black "Monsieux, Cyril"]
[Result "1-0"]
[WhiteElo "2485"]
[BlackElo "2206"]
[PlyCount "59"]
[EventDate "2005.08.01"]
[EventType "swiss"]
[EventCountry "FRA"]
[Source "lmi"]
[SourceDate "2005.08.05"]

1. d4 g6 2. e4 Bg7 3. Nc3 c6 4. Nf3 d6 5. Be3 Qb6 6. Rb1 Bg4 7. Be2 Bxf3 8.
Bxf3 Qc7 9. O-O Nd7 10. Bg4 Ngf6 11. Bxd7+ Nxd7 12. f4 O-O 13. Qf3 f5 14. exf5
gxf5 15. g4 e6 16. Kh1 Nf6 17. g5 Nd5 18. Ne2 e5 19. dxe5 dxe5 20. fxe5 Qxe5
21. Bc5 Rf7 22. Ng3 Nc7 23. Nxf5 Rd7 24. Nxg7 Qxg7 25. Qb3+ Nd5 26. c4 Ne7 27.
Rbe1 Ng6 28. Qe3 Rdd8 29. Qe6+ Kh8 30. Rf7 1-0

[Event "12. Open International d'été de Nice"]
[Site "Niza FRA"]
[Date "2005.08.01"]
[Round "1.7"]
[White "Sanchez, Joseph"]
[Black "Van Hoolandt, Patrick"]
[Result "1-0"]
[WhiteElo "2452"]
[BlackElo "2191"]
[PlyCount "56"]
[EventDate "2005.08.01"]
[EventType "swiss"]
[EventCountry "FRA"]
[Source "lmi"]
[SourceDate "2005.08.05"]

1. e4 e5 2. Nc3 Nf6 3. f4 d5 4. fxe5 Nxe4 5. Nf3 Nc6 6. d3 Nxc3 7. bxc3 d4 8.
Be2 dxc3 9. O-O Bc5+ 10. Kh1 O-O 11. Qe1 Be6 12. Qg3 Kh8 13. Ng5 Nd4 14. Bd1
Nf5 15. Qh3 Nh6 16. Qh5 Bd4 17. Ba3 c5 18. Bf3 Qa5 19. Bc1 Qc7 20. Bf4 Rae8 21.
Ne4 Ng8 22. Nd6 Rb8 23. Be4 g6 24. Qh4 Qe7 25. Qg3 b5 26. Bf3 Rb6 27. Rae1 f6
28. exf6 Nxf6 1-0

[Event "12. Open International d'été de Nice"]
[Site "Niza FRA"]
[Date "2005.08.01"]
[Round "1.8"]
[White "Bes, Stephane"]
[Black "Marholev, Dimitar"]
[Result "0-1"]
[WhiteElo "2190"]
[BlackElo "2423"]
[PlyCount "42"]
[EventDate "2005.08.01"]
[EventType "swiss"]
[EventCountry "FRA"]
[Source "lmi"]
[SourceDate "2005.08.05"]

1. e4 e5 2. Nf3 Nc6 3. Bb5 a6 4. Ba4 Nf6 5. O-O Be7 6. Re1 b5 7. Bb3 d6 8. c3
O-O 9. h3 Na5 10. Bc2 c5 11. d4 Qc7 12. Nbd2 cxd4 13. cxd4 Bb7 14. Nf1 Rac8 15.
Re2 d5 16. Nxe5 dxe4 17. Bf4 Bd6 18. Rc1 Nc4 19. b3 Nd5 20. Bd2 Nxd2 21. Rxd2
Ba3 0-1

[Event "12. Open International d'été de Nice"]
[Site "Niza FRA"]
[Date "2005.08.01"]
[Round "1.9"]
[White "Gorbatov, Alexej"]
[Black "Steimer, Michel"]
[Result "1-0"]
[WhiteElo "2418"]
[BlackElo "2179"]
[PlyCount "67"]
[EventDate "2005.08.01"]
[EventType "swiss"]
[EventCountry "FRA"]
[Source "lmi"]
[SourceDate "2005.08.05"]

1. c4 e5 2. g3 Nf6 3. Bg2 c6 4. Nf3 e4 5. Nd4 d5 6. cxd5 cxd5 7. O-O Nc6 8.
Nxc6 bxc6 9. d3 exd3 10. Qxd3 Be7 11. Nc3 O-O 12. Bf4 Qa5 13. Rad1 Ba6 14. Qd2
Rad8 15. Be5 Qb6 16. Bd4 Qb8 17. Rc1 Rfe8 18. e3 h5 19. Qc2 h4 20. Na4 hxg3 21.
hxg3 Bb7 22. Bc5 Qe5 23. Bxe7 Rxe7 24. Nc5 Bc8 25. Nd3 Qg5 26. Qxc6 Bg4 27.
Rfe1 Bf5 28. Nf4 Be4 29. Red1 Bxg2 30. Kxg2 Qe5 31. Rd4 Red7 32. Rcd1 g6 33. b4
Kg7 34. a4 1-0

[Event "12. Open International d'été de Nice"]
[Site "Niza FRA"]
[Date "2005.08.01"]
[Round "1.10"]
[White "So, Wesley"]
[Black "Libiszewski, Fabien"]
[Result "1/2-1/2"]
[WhiteElo "2165"]
[BlackElo "2413"]
[PlyCount "80"]
[EventDate "2005.08.01"]
[EventType "swiss"]
[EventCountry "FRA"]
[Source "lmi"]
[SourceDate "2005.08.05"]

1. e4 e6 2. d4 d5 3. Nc3 Nf6 4. Bg5 Bb4 5. e5 h6 6. Bd2 Bxc3 7. bxc3 Ne4 8. Qg4
g6 9. Bc1 c5 10. Bd3 Nxc3 11. dxc5 Nd7 12. Qb4 Ne4 13. Bxe4 Qh4 14. Nf3 Qxe4+
15. Qxe4 dxe4 16. Nd2 e3 17. Ne4 exf2+ 18. Kxf2 b6 19. c6 Nxe5 20. Bb2 Ng4+ 21.
Kf3 O-O 22. h3 f5 23. hxg4 fxe4+ 24. Kxe4 h5 25. gxh5 e5 26. hxg6 Bf5+ 27. Kxe5
Bxg6 28. Kd6 Bh7 29. Raf1 Rfd8+ 30. Kc7 Rdc8+ 31. Kb7 Rab8+ 32. Kxa7 Ra8+ 33.
Kb7 Rab8+ 34. Ka6 Rxc6 35. Rf3 b5+ 36. Ka5 Rg6 37. Rfh3 Rg4 38. c4 bxc4 39. Bc3
Rxg2 40. a4 Rb3 1/2-1/2

[Event "12. Open International d'été de Nice"]
[Site "Niza FRA"]
[Date "2005.08.02"]
[Round "2.1"]
[White "Todorov, Ognjan"]
[Black "Tkachiev, Vladislav"]
[Result "0-1"]
[WhiteElo "2335"]
[BlackElo "2625"]
[PlyCount "84"]
[EventDate "2005.08.01"]
[EventType "swiss"]
[EventCountry "FRA"]
[Source "lmi"]
[SourceDate "2005.08.05"]

1. d4 d6 2. Nf3 g6 3. c4 Bg7 4. Nc3 Bg4 5. e3 Nf6 6. Be2 O-O 7. O-O Re8 8. e4
Nfd7 9. Be3 Nc6 10. Qd2 Bxf3 11. Bxf3 e5 12. Ne2 exd4 13. Nxd4 Nxd4 14. Bxd4
Bxd4 15. Qxd4 Qf6 16. Qxf6 Nxf6 17. Rfe1 Re5 18. Re2 Rae8 19. Rae1 g5 20. g3 g4
21. Bg2 Nd7 22. f4 gxf3 23. Bxf3 Nc5 24. b3 a5 25. Kf1 Kg7 26. g4 Kf6 27. h4 h6
28. Re3 Ra8 29. Ke2 Ra6 30. Kd2 Rb6 31. Kc3 Na6 32. Rb1 Nb4 33. a3 Nc6 34. Rf1
Kg7 35. Rd1 Ra6 36. Rd5 Ra8 37. Rd1 Rae8 38. Rde1 Nb8 39. Kd2 Nd7 40. Kc3 Nf6
41. Kd3 Rc5 42. Kd2 a4 0-1

[Event "12. Open International d'été de Nice"]
[Site "Niza FRA"]
[Date "2005.08.02"]
[Round "2.2"]
[White "Tonoian, Armen"]
[Black "Siebrecht, Sebastian"]
[Result "1-0"]
[WhiteElo "2321"]
[BlackElo "2487"]
[PlyCount "75"]
[EventDate "2005.08.01"]
[EventType "swiss"]
[EventCountry "FRA"]
[Source "lmi"]
[SourceDate "2005.08.05"]

1. d4 Nf6 2. c4 e6 3. Nc3 Bb4 4. Qc2 c5 5. dxc5 O-O 6. a3 Bxc5 7. Nf3 Nc6 8.
Bg5 Be7 9. e4 Qc7 10. Be2 b6 11. O-O a6 12. Rfd1 Ne5 13. Nxe5 Qxe5 14. Qd2 Bb7
15. Bf4 Qc5 16. e5 Ne4 17. Nxe4 Bxe4 18. b4 Qc6 19. f3 Bg6 20. Qxd7 Qxd7 21.
Rxd7 Rfe8 22. Be3 a5 23. b5 Rab8 24. Rc7 f6 25. Rc6 Bd8 26. Rd1 fxe5 27. Bd3
Bxd3 28. Rxd3 a4 29. Rd7 Re7 30. Rcd6 Re8 31. Ra7 Be7 32. Rdd7 Bf8 33. Rxa4
Rec8 34. Kf2 h6 35. Ke2 Ra8 36. Rxa8 Rxa8 37. Bxb6 Rxa3 38. c5 1-0

[Event "12. Open International d'été de Nice"]
[Site "Niza FRA"]
[Date "2005.08.02"]
[Round "2.3"]
[White "Lazic, Miroljub"]
[Black "Byklum, Bjornar"]
[Result "0-1"]
[WhiteElo "2485"]
[BlackElo "2283"]
[PlyCount "74"]
[EventDate "2005.08.01"]
[EventType "swiss"]
[EventCountry "FRA"]
[Source "lmi"]
[SourceDate "2005.08.05"]

1. g3 Nf6 2. Bg2 d5 3. Nf3 c5 4. O-O Nc6 5. d3 e6 6. Nbd2 Be7 7. e4 b6 8. Re1
Bb7 9. e5 Nd7 10. h4 Qc7 11. Qe2 h6 12. Nf1 O-O-O 13. c3 Rdg8 14. N1h2 g5 15.
hxg5 hxg5 16. Ng4 Rh5 17. Bd2 Rgh8 18. d4 Kb8 19. Qe3 Qd8 20. Bf1 cxd4 21. cxd4
f5 22. exf6 Nxf6 23. Nxf6 Bxf6 24. Bg2 Qc7 25. Qd3 e5 26. dxe5 Nxe5 27. Nxe5
Bxe5 28. Rxe5 Qxe5 29. Re1 Qg7 30. g4 Rh4 31. Qg3+ Ka8 32. Qe5 Qh7 33. Qe8+
Rxe8 34. Rxe8+ Bc8 35. Rxc8+ Kb7 36. Rc4 Qd3 37. Bxg5 Qd1+ 0-1

[Event "12. Open International d'été de Nice"]
[Site "Niza FRA"]
[Date "2005.08.02"]
[Round "2.4"]
[White "Zigangirova, Sofya"]
[Black "Dunis, Aurelien"]
[Result "0-1"]
[WhiteElo "2296"]
[BlackElo "2485"]
[PlyCount "36"]
[EventDate "2005.08.01"]
[EventType "swiss"]
[EventCountry "FRA"]
[Source "lmi"]
[SourceDate "2005.08.05"]

1. e4 c5 2. Nc3 d6 3. g3 g6 4. Bg2 Bg7 5. d3 Nc6 6. f4 e6 7. Be3 Nge7 8. Nf3 b6
9. O-O O-O 10. d4 d5 11. exd5 Nf5 12. Bf2 Ncxd4 13. Nxd4 cxd4 14. Ne2 Ne3 15.
Bxe3 dxe3 16. dxe6 Bxe6 17. Bxa8 Qxa8 18. c3 Bh3 0-1

[Event "12. Open International d'été de Nice"]
[Site "Niza FRA"]
[Date "2005.08.02"]
[Round "2.8"]
[White "Kirszenberg, Marc"]
[Black "Gorbatov, Alexej"]
[Result "0-1"]
[WhiteElo "2224"]
[BlackElo "2418"]
[PlyCount "40"]
[EventDate "2005.08.01"]
[EventType "swiss"]
[EventCountry "FRA"]
[Source "lmi"]
[SourceDate "2005.08.05"]

1. d4 Nf6 2. c4 e6 3. Nc3 Bb4 4. f3 c5 5. d5 exd5 6. cxd5 d6 7. e4 O-O 8. Bg5
Re8 9. Nge2 Nbd7 10. Ng3 Nxe4 11. Ngxe4 Qxg5 12. Kf2 Qe5 13. Nb5 Qxb2+ 14. Be2
Rxe4 15. fxe4 c4 16. Rb1 Bc5+ 17. Ke1 Qxa2 18. Nc3 Qa5 19. Qc2 Bd4 20. Kd2 Nc5
0-1

[Event "12. Open International d'été de Nice"]
[Site "Niza FRA"]
[Date "2005.08.02"]
[Round "2.9"]
[White "Lamorelle, Yves"]
[Black "Bujisho, Benjamin"]
[Result "0-1"]
[WhiteElo "2221"]
[BlackElo "2389"]
[PlyCount "106"]
[EventDate "2005.08.01"]
[EventType "swiss"]
[EventCountry "FRA"]
[Source "lmi"]
[SourceDate "2005.08.05"]

1. e4 c6 2. Nf3 g6 3. d4 d5 4. Nc3 Bg7 5. h3 Nf6 6. Bd3 dxe4 7. Nxe4 Nxe4 8.
Bxe4 c5 9. Be3 O-O 10. c3 cxd4 11. Bxd4 Bxd4 12. Nxd4 e5 13. Nf3 Qc7 14. Qd2
Rd8 15. Qh6 f5 16. Bc2 Be6 17. O-O Nc6 18. Rfe1 Bd5 19. Nh2 e4 20. Nf1 Ne5 21.
Red1 Be6 22. Qg5 Rf8 23. Ng3 Rf7 24. Ne2 Qe7 25. Qg3 Bc4 26. Qe3 Bxe2 27. Qxe2
Rf6 28. Rd5 Rd8 29. Qb5 Rxd5 30. Qxd5+ Kg7 31. Rd1 Nd3 32. Bxd3 Rd6 33. Qc5 b6
34. Qe3 Qd7 35. f3 Rxd3 36. Rxd3 exd3 37. Qd2 Qd5 38. b3 f4 39. Kf1 a5 40. Kf2
Qc5+ 41. Kf1 Qe3 42. Qd1 Kf6 43. c4 Kg5 44. a3 d2 45. Qe2 Kf6 46. b4 Qd4 47.
Qd1 Qxc4+ 48. Kf2 Qd4+ 49. Ke2 Qe3+ 50. Kf1 axb4 51. axb4 Qe1+ 52. Qxe1 dxe1=Q+
53. Kxe1 Ke5 0-1

[Event "12. Open International d'été de Nice"]
[Site "Niza FRA"]
[Date "2005.08.02"]
[Round "2.11"]
[White "Oliveira, Sancho"]
[Black "Mrdja, Milan"]
[Result "1-0"]
[WhiteElo "2102"]
[BlackElo "2352"]
[PlyCount "95"]
[EventDate "2005.08.01"]
[EventType "swiss"]
[EventCountry "FRA"]
[Source "lmi"]
[SourceDate "2005.08.05"]

1. e4 Nf6 2. e5 Nd5 3. d4 d6 4. c4 Nb6 5. exd6 cxd6 6. Nc3 g6 7. Be3 Bg7 8. Rc1
O-O 9. b3 Nc6 10. d5 Ne5 11. Be2 f5 12. f4 Ng4 13. Bd4 Bh6 14. Qd2 Nd7 15. Nf3
Nc5 16. O-O Bd7 17. b4 e5 18. Nxe5 Nxh2 19. Kxh2 Ne4 20. Qe1 dxe5 21. Bxe5 Re8
22. Nxe4 fxe4 23. c5 a6 24. Bc4 Bb5 25. Qxe4 Qh4+ 26. Kg1 Rxe5 27. Qxe5 Bg7 28.
Qe6+ Kh8 29. Qh3 Qf6 30. Bxb5 axb5 31. Qd3 Qh4 32. Rce1 Bf6 33. a3 g5 34. Qh3
Bd4+ 35. Kh1 Rxa3 36. Qxh4 gxh4 37. d6 Bf6 38. Re6 Kg7 39. Rxf6 Kxf6 40. Rd1
Ra8 41. Kh2 Kf5 42. Kh3 Kxf4 43. Kxh4 Ke5 44. d7 Rd8 45. Rd6 b6 46. Rxb6 Rxd7
47. Rxb5 Kd5 48. g4 1-0

[Event "12. Open International d'été de Nice"]
[Site "Niza FRA"]
[Date "2005.08.03"]
[Round "3.4"]
[White "Bujisho, Benjamin"]
[Black "Marholev, Dimitar"]
[Result "1/2-1/2"]
[WhiteElo "2389"]
[BlackElo "2423"]
[PlyCount "92"]
[EventDate "2005.08.01"]
[EventType "swiss"]
[EventCountry "FRA"]
[Source "lmi"]
[SourceDate "2005.08.05"]

1. e4 e5 2. Nf3 Nc6 3. Bb5 a6 4. Ba4 Nf6 5. O-O Be7 6. Re1 b5 7. Bb3 d6 8. c3
O-O 9. h3 Na5 10. Bc2 c5 11. d4 Qc7 12. Nbd2 cxd4 13. cxd4 Bb7 14. Nf1 Rac8 15.
Bb1 d5 16. exd5 exd4 17. Nxd4 Bb4 18. Bd2 Bxd2 19. d6 Qb6 20. Qxd2 Nc4 21. Qf4
Qxd6 22. Qxd6 Nxd6 23. Ne3 g6 24. Bd3 Rfd8 25. Red1 Nd5 26. Nxd5 Bxd5 27. Nc2
Bc4 28. Ne3 Bxd3 29. Rxd3 Ne4 30. Rxd8+ Rxd8 31. Rd1 Rxd1+ 32. Nxd1 f5 33. Kf1
Kf7 34. Ke2 Ke6 35. Kd3 Kd5 36. b4 f4 37. f3 Nf6 38. Nc3+ Ke5 39. a4 Nd5 40.
axb5 axb5 41. Nxd5 Kxd5 42. Kc3 g5 43. Kd3 Ke5 44. Kc3 Kd5 45. Kd3 Ke5 46. Kc3
Kd5 1/2-1/2

[Event "12. Open International d'été de Nice"]
[Site "Niza FRA"]
[Date "2005.08.03"]
[Round "3.5"]
[White "Gorbatov, Alexej"]
[Black "Oliveira, Sancho"]
[Result "1-0"]
[WhiteElo "2418"]
[BlackElo "2102"]
[PlyCount "77"]
[EventDate "2005.08.01"]
[EventType "swiss"]
[EventCountry "FRA"]
[Source "lmi"]
[SourceDate "2005.08.05"]

1. d4 d5 2. c4 c6 3. cxd5 cxd5 4. Nc3 Nf6 5. Nf3 Nc6 6. Bf4 a6 7. Rc1 Bf5 8. e3
e6 9. Qb3 Ra7 10. Ne5 Nxe5 11. Bxe5 Be7 12. Qa4+ Kf8 13. Be2 Nd7 14. Bg3 Ra8
15. O-O b5 16. Qb3 h5 17. h3 g5 18. f3 Nf6 19. Be5 Rh6 20. a4 b4 21. Nd1 g4 22.
Nf2 gxh3 23. g3 Bd6 24. Rc6 h2+ 25. Kxh2 Bxe5 26. Qxb4+ Kg8 27. dxe5 Nd7 28.
Qf4 Kh7 29. e4 dxe4 30. fxe4 Bg6 31. Rd1 Qe8 32. Rxa6 Rxa6 33. Bxa6 Nc5 34. Bb5
Qa8 35. Rd4 Qa7 36. Rd8 Nb7 37. Rc8 f5 38. exf6 e5 39. Rh8+ 1-0

[Event "12. Open International d'été de Nice"]
[Site "Niza FRA"]
[Date "2005.08.03"]
[Round "3.6"]
[White "Byklum, Bjornar"]
[Black "Le Roux, Jean-Pierre"]
[Result "0-1"]
[WhiteElo "2283"]
[BlackElo "2468"]
[PlyCount "90"]
[EventDate "2005.08.01"]
[EventType "swiss"]
[EventCountry "FRA"]
[Source "lmi"]
[SourceDate "2005.08.05"]

1. e4 c6 2. Nc3 d5 3. Qf3 e6 4. Qg3 h5 5. h4 Nf6 6. d3 Nbd7 7. Nf3 b5 8. e5 Ng4
9. d4 b4 10. Nd1 c5 11. Ne3 Nh6 12. Bd3 Qb6 13. dxc5 Nxc5 14. O-O Nxd3 15. cxd3
Ba6 16. Rd1 Rc8 17. d4 Kd7 18. Qf4 Be7 19. b3 f6 20. Qg3 Rcf8 21. Rd2 f5 22.
Qf4 Rc8 23. a3 Rc3 24. axb4 Rhc8 25. Nc4 dxc4 26. d5 cxb3 27. dxe6+ Ke8 28. Bb2
Rc2 29. Nd4 R8c4 30. Rad1 Bc8 31. Qf3 g6 32. Nxc2 bxc2 33. Rc1 Bxe6 34. Rdxc2
Rxc2 35. Rxc2 Qxb4 36. Qa8+ Kf7 37. Qxa7 Qe1+ 38. Kh2 Ng4+ 39. Kg3 Qh1 40. Rc7
Qxh4+ 41. Kf3 Nxe5+ 42. Bxe5 Qe4+ 43. Kg3 Qxe5+ 44. f4 Qd6 45. Qb7 g5 0-1

[Event "12. Open International d'été de Nice"]
[Site "Niza FRA"]
[Date "2005.08.03"]
[Round "3.7"]
[White "Huin, Eric"]
[Black "Libiszewski, Fabien"]
[Result "0-1"]
[WhiteElo "1937"]
[BlackElo "2413"]
[PlyCount "80"]
[EventDate "2005.08.01"]
[EventType "swiss"]
[EventCountry "FRA"]
[Source "lmi"]
[SourceDate "2005.08.05"]

1. e4 c5 2. Nf3 a6 3. d4 cxd4 4. Nxd4 Nf6 5. Nc3 e5 6. Nf3 Qc7 7. Bd3 h6 8. O-O
Bc5 9. Qe2 d6 10. h3 b5 11. Be3 Nbd7 12. Rac1 Bb7 13. Nd2 O-O 14. Nd5 Nxd5 15.
exd5 Bxe3 16. fxe3 Bxd5 17. c4 bxc4 18. Nxc4 Qb8 19. Qg4 Nc5 20. Bb1 Be6 21.
Qh4 d5 22. Na5 Qb6 23. Qe1 Rac8 24. b4 Ne4 25. Nc4 Rxc4 26. Rxc4 dxc4 27. Bxe4
Qd6 28. Qc3 Rd8 29. Rc1 f5 30. Bb1 Qd2 31. Kh2 Qxc3 32. Rxc3 Rd2 33. e4 fxe4
34. Bxe4 Rxa2 35. Bb7 Rb2 36. Bxa6 Rxb4 37. Re3 Rb6 38. Ra3 Kf7 39. Ra4 c3 40.
Bc4 Rc6 0-1

[Event "12. Open International d'été de Nice"]
[Site "Niza FRA"]
[Date "2005.08.03"]
[Round "3.8"]
[White "Bordi, Kevin"]
[Black "Morlino, Jean-Baptiste"]
[Result "1-0"]
[WhiteElo "2263"]
[BlackElo "1880"]
[PlyCount "66"]
[EventDate "2005.08.01"]
[EventType "swiss"]
[EventCountry "FRA"]
[Source "lmi"]
[SourceDate "2005.08.05"]

1. e4 d6 2. d4 Nf6 3. Nc3 g6 4. g3 Nbd7 5. Bg2 Bg7 6. Nge2 c6 7. O-O O-O 8. h3
e5 9. Be3 Nb6 10. b3 Nfd7 11. Qd2 f5 12. exf5 Rxf5 13. a4 Nf8 14. dxe5 Bxe5 15.
a5 Nbd7 16. f4 Bg7 17. Qxd6 Rxa5 18. Rad1 Qe8 19. Bf2 Qf7 20. Qb4 Ra6 21. Ne4
Nf6 22. Ng5 Qe8 23. Rfe1 Nd5 24. Qc4 b5 25. Bxd5+ Kh8 26. Bf7 bxc4 27. Bxe8
cxb3 28. cxb3 Bf5 29. Nd4 h6 30. Nf7+ Kg8 31. Nxf5 gxf5 32. Nd6 Ra3 33. Bc5
Rxb3 1-0

[Event "12. Open International d'été de Nice"]
[Site "Niza FRA"]
[Date "2005.08.03"]
[Round "3.9"]
[White "Zachariassen, Bjarne"]
[Black "Iellatchitch, Alexandre"]
[Result "0-1"]
[WhiteElo "1873"]
[BlackElo "1950"]
[PlyCount "58"]
[EventDate "2005.08.01"]
[EventType "swiss"]
[EventCountry "FRA"]
[Source "lmi"]
[SourceDate "2005.08.05"]

1. e4 e6 2. d4 d5 3. exd5 exd5 4. Nf3 Nf6 5. c4 Bg4 6. Qb3 Bxf3 7. Qxf3 Nc6 8.
cxd5 Nxd4 9. Qe3+ Qe7 10. Bd3 Nxd5 11. Qxe7+ Bxe7 12. Be4 Nb4 13. Na3 f5 14.
Bb1 O-O-O 15. Be3 Bf6 16. Bxd4 Bxd4 17. Bxf5+ Kb8 18. O-O Bxb2 19. Rab1 Bxa3
20. Rb3 Nxa2 21. Rxa3 Nb4 22. Rfa1 Rd2 23. Rxa7 Na6 24. R7xa6 bxa6 25. f3 g6
26. Be4 Ka7 27. Rb1 Rb8 28. Rc1 Rc8 29. Rb1 c6 0-1

[Event "12. Open International d'été de Nice"]
[Site "Niza FRA"]
[Date "2005.08.03"]
[Round "3.10"]
[White "Siebrecht, Sebastian"]
[Black "Toussirot, Stephen"]
[Result "1-0"]
[WhiteElo "2487"]
[BlackElo "1839"]
[PlyCount "103"]
[EventDate "2005.08.01"]
[EventType "swiss"]
[EventCountry "FRA"]
[Source "lmi"]
[SourceDate "2005.08.05"]

1. d4 d5 2. Nf3 Nf6 3. c4 dxc4 4. Nc3 a6 5. Bg5 e6 6. e3 Be7 7. a4 b6 8. Bxc4
Bb7 9. O-O O-O 10. Qe2 Nd5 11. Bxd5 Bxd5 12. Bxe7 Qxe7 13. Nxd5 exd5 14. Rfc1
Ra7 15. Ra3 c5 16. dxc5 bxc5 17. Rac3 Rc7 18. h4 Rd8 19. Qd3 h6 20. b3 Qd6 21.
g3 Nd7 22. Nd4 g6 23. Nf3 Nf6 24. Nd2 Re8 25. Kg2 h5 26. b4 Ne4 27. Nxe4 Rxe4
28. Rxc5 Rxc5 29. Rxc5 Rxb4 30. Rxd5 Qc6 31. a5 Rb1 32. e4 Qc1 33. Kf3 Qh1+ 34.
Kf4 Qc1+ 35. Qd2 Qxd2+ 36. Rxd2 Rb5 37. Rd5 Rb2 38. f3 Ra2 39. g4 hxg4 40. Kxg4
Kg7 41. h5 gxh5+ 42. Kxh5 Kf6 43. Kg4 Ke6 44. Kf4 Ra3 45. Rc5 Kd6 46. Rf5 Ke6
47. Kg5 Ke7 48. Re5+ Kd6 49. f4 Rf3 50. Kf5 Rd3 51. Kf6 Rf3 52. Rf5 1-0

[Event "12. Open International d'été de Nice"]
[Site "Niza FRA"]
[Date "2005.08.04"]
[Round "4.1"]
[White "Gorbatov, Alexej"]
[Black "Dunis, Aurelien"]
[Result "0-1"]
[WhiteElo "2418"]
[BlackElo "2485"]
[PlyCount "57"]
[EventDate "2005.08.01"]
[EventType "swiss"]
[EventCountry "FRA"]
[Source "lmi"]
[SourceDate "2005.08.05"]

1. c4 Nf6 2. Nf3 e6 3. g3 d5 4. Bg2 dxc4 5. Qa4+ Nbd7 6. Qxc4 c5 7. O-O a6 8.
Qc2 b5 9. d3 Bb7 10. Nbd2 Be7 11. Nb3 Rc8 12. Bd2 c4 13. dxc4 Rxc4 14. Qd1 Bd5
15. Nfd4 Bxg2 16. Kxg2 Qa8+ 17. f3 O-O 18. Rc1 Ne5 19. Bf4 Nd5 20. Na5 Ra4 21.
Nac6 Nxc6 22. Nxc6 Bd6 23. Qb3 Bxf4 24. gxf4 Rc4 25. Ne5 Rb4 26. Qa3 Ra4 27.
Qb3 Nxf4+ 28. Kf2 Qd8 29. Rg1 0-1

[Event "12. Open International d'été de Nice"]
[Site "Niza FRA"]
[Date "2005.08.04"]
[Round "4.2"]
[White "Iellatchitch, Alexandre"]
[Black "Sanchez, Joseph"]
[Result "0-1"]
[WhiteElo "1950"]
[BlackElo "2452"]
[PlyCount "54"]
[EventDate "2005.08.01"]
[EventType "swiss"]
[EventCountry "FRA"]
[Source "lmi"]
[SourceDate "2005.08.05"]

1. d4 d5 2. c4 c6 3. Nf3 Nf6 4. Nc3 dxc4 5. a4 Bf5 6. e3 e6 7. Bxc4 Bb4 8. O-O
Nbd7 9. Bd2 O-O 10. Ne4 Be7 11. Ng3 Bg6 12. Nh4 Rc8 13. Nxg6 hxg6 14. Rc1 Bd6
15. Bd3 c5 16. Bc3 Qe7 17. Qf3 b6 18. Rfd1 cxd4 19. Bxd4 e5 20. Bc3 Bb4 21.
Bxb4 Qxb4 22. Rxc8 Rxc8 23. Qb7 Rf8 24. Bb5 Nc5 25. Qxa7 Qxb2 26. Qxb6 Nxa4 27.
Qa6 Nc3 0-1

[Event "12. Open International d'été de Nice"]
[Site "Niza FRA"]
[Date "2005.08.04"]
[Round "4.4"]
[White "Le Roux, Jean-Pierre"]
[Black "Bujisho, Benjamin"]
[Result "1-0"]
[WhiteElo "2468"]
[BlackElo "2389"]
[PlyCount "75"]
[EventDate "2005.08.01"]
[EventType "swiss"]
[EventCountry "FRA"]
[Source "lmi"]
[SourceDate "2005.08.05"]

1. c4 e5 2. g3 Nf6 3. Bg2 g6 4. Nc3 Bg7 5. e3 O-O 6. Nge2 Re8 7. d4 d6 8. b3 c6
9. O-O e4 10. Ba3 Qe7 11. h3 h5 12. Nf4 Nbd7 13. Qe2 Nf8 14. Rae1 N8h7 15. f3
exf3 16. Qxf3 Qc7 17. e4 Ng5 18. Qf2 Bd7 19. Bc1 Nfh7 20. Kh2 Rf8 21. Nd3 Rae8
22. Ba3 h4 23. gxh4 Ne6 24. e5 dxe5 25. dxe5 c5 26. Nd5 Qb8 27. Kh1 b6 28. b4
f6 29. bxc5 fxe5 30. Qg3 Nd4 31. cxb6 Rxf1+ 32. Rxf1 Nf5 33. Qxg6 e4 34. N3f4
Qe5 35. Nh5 e3 36. Rxf5 Bxf5 37. Ndf6+ Qxf6 38. Qxe8+ 1-0